| 000 | 00506nam a2200181Ia 4500 | ||
|---|---|---|---|
| 008 | 230917s9999||||xx |||||||||||||| ||und|| | ||
| 020 | _cRS510 | ||
| 040 |
_e245708 _aMAIN |
||
| 041 | _aEnglish | ||
| 082 | _a657.95 M748F(22) | ||
| 100 | _aMonga, J R | ||
| 245 | 0 | _aFundamentals of corporate accounting: Incorporating companies Act 2013. 2V | |
| 250 | _a22nd ed. | ||
| 260 |
_a[n.d.] _bJ R Monga _c2017 |
||
| 300 | _av. p. | ||
| 500 | _a3037 05/02/2018 HBD18/7364 16/03/2018 Main Budget | ||
| 942 | _cBK | ||
| 999 |
_c25910 _d25910 |
||